<?xml version="1.0" encoding="UTF-8"?>
<record
    xmlns:xsi="http://www.w3.org/2001/XMLSchema-instance"
    xsi:schemaLocation="http://www.loc.gov/MARC21/slim http://www.loc.gov/standards/marcxml/schema/MARC21slim.xsd"
    xmlns="http://www.loc.gov/MARC21/slim">

  <leader>01100pam a22003495a 4500</leader>
  <controlfield tag="001">016014461</controlfield>
  <controlfield tag="003">OSt</controlfield>
  <controlfield tag="005">20201128021110.0</controlfield>
  <controlfield tag="008">120119s2013    xxuad  frb    001 0 eng d</controlfield>
  <datafield tag="020" ind1=" " ind2=" ">
    <subfield code="a">9780071326209 (pbk.)</subfield>
  </datafield>
  <datafield tag="020" ind1=" " ind2=" ">
    <subfield code="a">0071326200 (pbk.)</subfield>
  </datafield>
  <datafield tag="040" ind1=" " ind2=" ">
    <subfield code="a">StDuBDS</subfield>
    <subfield code="b">eng</subfield>
    <subfield code="c">StDuBDS</subfield>
    <subfield code="d">Uk</subfield>
    <subfield code="d">EG-ScBUE</subfield>
  </datafield>
  <datafield tag="043" ind1=" " ind2=" ">
    <subfield code="a">n-us---</subfield>
  </datafield>
  <datafield tag="082" ind1="0" ind2="4">
    <subfield code="a">331</subfield>
    <subfield code="2">22</subfield>
    <subfield code="b">BOR</subfield>
  </datafield>
  <datafield tag="100" ind1="1" ind2=" ">
    <subfield code="a">Borjas, George J.</subfield>
    <subfield code="9">27502</subfield>
  </datafield>
  <datafield tag="245" ind1="1" ind2="0">
    <subfield code="a">Labor economics /</subfield>
    <subfield code="c">George J. Borjas.</subfield>
  </datafield>
  <datafield tag="250" ind1=" " ind2=" ">
    <subfield code="a">6th ed.,</subfield>
    <subfield code="b">McGraw-Hill international ed.</subfield>
  </datafield>
  <datafield tag="260" ind1=" " ind2=" ">
    <subfield code="a">New York :</subfield>
    <subfield code="b">McGraw-Hill / Irwin,</subfield>
    <subfield code="c">2013</subfield>
  </datafield>
  <datafield tag="300" ind1=" " ind2=" ">
    <subfield code="a">xvi, 576 p. :</subfield>
    <subfield code="b">charts, tables ;</subfield>
    <subfield code="c">24 cm.</subfield>
  </datafield>
  <datafield tag="500" ind1=" " ind2=" ">
    <subfield code="a">Includes indexes.</subfield>
  </datafield>
  <datafield tag="500" ind1=" " ind2=" ">
    <subfield code="a">Appendix : p. 547-557.</subfield>
  </datafield>
  <datafield tag="504" ind1=" " ind2=" ">
    <subfield code="a">Includes bibliographical references.</subfield>
  </datafield>
  <datafield tag="590" ind1=" " ind2=" ">
    <subfield code="a">Menna elemam</subfield>
  </datafield>
  <datafield tag="650" ind1=" " ind2="0">
    <subfield code="a">Labor economics</subfield>
    <subfield code="9">1571</subfield>
    <subfield code="z">United States</subfield>
    <subfield code="2">BUEsh</subfield>
  </datafield>
  <datafield tag="650" ind1=" " ind2="0">
    <subfield code="a">Labor market</subfield>
    <subfield code="z">United States</subfield>
    <subfield code="9">27504</subfield>
    <subfield code="2">BUEsh</subfield>
  </datafield>
  <datafield tag="651" ind1=" " ind2=" ">
    <subfield code="2">BUEsh</subfield>
  </datafield>
  <datafield tag="653" ind1=" " ind2=" ">
    <subfield code="b">BUSECO</subfield>
    <subfield code="c">October2014</subfield>
  </datafield>
  <datafield tag="655" ind1=" " ind2=" ">
    <subfield code="v">text book</subfield>
    <subfield code="9">33728</subfield>
  </datafield>
  <datafield tag="690" ind1="7" ind2=" ">
    <subfield code="a">Management and Business Studies</subfield>
    <subfield code="2">blcoll</subfield>
  </datafield>
  <datafield tag="690" ind1="7" ind2=" ">
    <subfield code="a">Social Welfare</subfield>
    <subfield code="2">blcoll</subfield>
  </datafield>
  <datafield tag="942" ind1=" " ind2=" ">
    <subfield code="2">ddc</subfield>
    <subfield code="k">331 BOR</subfield>
  </datafield>
  <datafield tag="999" ind1=" " ind2=" ">
    <subfield code="c">18478</subfield>
    <subfield code="d">18450</subfield>
  </datafield>
  <datafield tag="952" ind1=" " ind2=" ">
    <subfield code="0">0</subfield>
    <subfield code="1">0</subfield>
    <subfield code="2">ddc</subfield>
    <subfield code="4">0</subfield>
    <subfield code="7">0</subfield>
    <subfield code="8">Baccah</subfield>
    <subfield code="a">MAIN</subfield>
    <subfield code="b">MAIN</subfield>
    <subfield code="c">1ST</subfield>
    <subfield code="d">2014-10-20</subfield>
    <subfield code="e">purchase</subfield>
    <subfield code="g">260.00</subfield>
    <subfield code="l">15</subfield>
    <subfield code="m">102</subfield>
    <subfield code="o">331 BOR</subfield>
    <subfield code="p">000036737</subfield>
    <subfield code="r">2025-07-15 00:00:00</subfield>
    <subfield code="s">2022-01-25</subfield>
    <subfield code="v">325.00</subfield>
    <subfield code="y">BB</subfield>
  </datafield>
  <datafield tag="952" ind1=" " ind2=" ">
    <subfield code="0">0</subfield>
    <subfield code="1">0</subfield>
    <subfield code="2">ddc</subfield>
    <subfield code="4">0</subfield>
    <subfield code="7">0</subfield>
    <subfield code="8">Baccah</subfield>
    <subfield code="a">MAIN</subfield>
    <subfield code="b">MAIN</subfield>
    <subfield code="c">1ST</subfield>
    <subfield code="d">2014-10-20</subfield>
    <subfield code="e">purchase</subfield>
    <subfield code="g">260.00</subfield>
    <subfield code="l">12</subfield>
    <subfield code="m">124</subfield>
    <subfield code="o">331 BOR</subfield>
    <subfield code="p">000036738</subfield>
    <subfield code="r">2025-07-15 00:00:00</subfield>
    <subfield code="s">2022-01-22</subfield>
    <subfield code="v">325.00</subfield>
    <subfield code="y">BB</subfield>
  </datafield>
  <datafield tag="952" ind1=" " ind2=" ">
    <subfield code="0">0</subfield>
    <subfield code="1">0</subfield>
    <subfield code="2">ddc</subfield>
    <subfield code="4">0</subfield>
    <subfield code="7">0</subfield>
    <subfield code="8">Baccah</subfield>
    <subfield code="a">MAIN</subfield>
    <subfield code="b">MAIN</subfield>
    <subfield code="c">1ST</subfield>
    <subfield code="d">2014-10-20</subfield>
    <subfield code="e">purchase</subfield>
    <subfield code="g">260.00</subfield>
    <subfield code="l">14</subfield>
    <subfield code="m">70</subfield>
    <subfield code="o">331 BOR</subfield>
    <subfield code="p">000036739</subfield>
    <subfield code="r">2025-07-15 00:00:00</subfield>
    <subfield code="s">2024-10-29</subfield>
    <subfield code="v">325.00</subfield>
    <subfield code="y">BB</subfield>
  </datafield>
  <datafield tag="952" ind1=" " ind2=" ">
    <subfield code="0">0</subfield>
    <subfield code="1">0</subfield>
    <subfield code="2">ddc</subfield>
    <subfield code="4">0</subfield>
    <subfield code="7">0</subfield>
    <subfield code="8">Baccah</subfield>
    <subfield code="a">MAIN</subfield>
    <subfield code="b">MAIN</subfield>
    <subfield code="c">1ST</subfield>
    <subfield code="d">2014-10-20</subfield>
    <subfield code="e">purchase</subfield>
    <subfield code="g">260.00</subfield>
    <subfield code="l">11</subfield>
    <subfield code="m">79</subfield>
    <subfield code="o">331 BOR</subfield>
    <subfield code="p">000036740</subfield>
    <subfield code="r">2025-07-15 00:00:00</subfield>
    <subfield code="s">2023-09-23</subfield>
    <subfield code="v">325.00</subfield>
    <subfield code="y">BB</subfield>
  </datafield>
</record>
